000 01575cam a22004574i 4500
003 PE-LiUPU
005 20250731173135.0
008 150623s r 000 0 d
020 _a1883925088
035 _a(Sirsi) i9781883925086
040 _aPE-LiUPU
_bspa
_cPE-LiUPU
_erda
049 _aPRUA
082 0 4 _a266.673
_bW78
_221
245 0 0 _aWomen and the Church :
_bthe feminine perspective /
_cLourdes E. Morales ed.
264 1 _aBerrien Springs, Michigan :
_bAndrews University Press,
_c1995.
300 _a211 páginas ;
_c22 centímetros
336 _atext
_2rdacontent
337 _aunmediated
_2rdamedia
338 _avolume
_2rdacarrier
505 0 _aThe scriptural dimension. -The ecclesiastical dimension. -The socal dimension. -The devotional dimension.
526 _aSEG42
526 _aSEG41
526 _aSEG40
526 _aSEG39
526 _aP94
526 _aP87
526 _aP86
526 _aP85
526 _aP77
526 _aP76
526 _aP35
650 0 4 _aMujeres en la iglesia.
650 0 4 _aMujeres
_xAspectos religiosos.
700 1 _aMorales, Lourdes E.,
_eed.
942 _2ddc
_cBOOK
949 _a266.673 W78
_wDEWEY
_c1
_i52236
_lCCODEBUL1
_mBUL
_p8.00
_r0
_sY
_tBOOK
_u2015-6-24
_xTEOLOGIA
_PP35
_0COMPRA
_o.STAFF. Colección General
994 _aC0
_bPEPRU
596 _a1
999 _a266.673 W78
_wDEWEY
_c34050
_i52236
_f2021-11-10
_g5
_lCCODEBUL1
_mBUL
_p8.00
_r0
_sY
_tBOOK
_u2015-6-24
_xTEOLOGIA
_PP35
_0COMPRA
_o.STAFF. Colección General
_d34050
980 _81
_gALBERTO SANCHEZ Responsable de Automatización